|
|
|
|
| LEADER |
00000naa2a2200000 4500 |
| 001 |
184330 |
| 005 |
20231031172138.0 |
| 035 |
|
|
|a (RuTPU)RU\TPU\book\199900
|
| 090 |
|
|
|a 184330
|
| 100 |
|
|
|a 20100902d2004 k y0rusy50 ca
|
| 101 |
0 |
|
|a rus
|
| 102 |
|
|
|a RU
|
| 200 |
1 |
|
|a Видео-телеконверенции в системе дистанционного образования
|f К. В. Бердник
|
| 320 |
|
|
|a Библиогр.: 3 назв.
|
| 463 |
|
0 |
|0 (RuTPU)RU\TPU\book\75409
|t Молодежь и современные информационные технологии
|o Сборник трудов II-ой Всероссийской научно-практической конференции студентов, г. Томск, 25-26 февраля 2004 г.
|f Томский политехнический университет; Институт "Кибернетический центр"; Под ред. В. И. Гончарова
|v С. 22-24
|d 2004
|p 282 с.
|
| 610 |
1 |
|
|a дистанционное образование
|
| 610 |
1 |
|
|a телеконференции
|
| 610 |
1 |
|
|a видеоконференции
|
| 610 |
1 |
|
|a каналы связи
|
| 610 |
1 |
|
|a труды учёных ТПУ
|
| 700 |
|
1 |
|a Бердник
|b К. В.
|
| 801 |
|
1 |
|a RU
|b 63413507
|c 20100902
|
| 942 |
|
|
|c BK
|